<?xml version="1.0" encoding="UTF-8"?>
<record
    xmlns:xsi="http://www.w3.org/2001/XMLSchema-instance"
    xsi:schemaLocation="http://www.loc.gov/MARC21/slim http://www.loc.gov/standards/marcxml/schema/MARC21slim.xsd"
    xmlns="http://www.loc.gov/MARC21/slim">

  <leader>01460nam a22002897a 4500</leader>
  <controlfield tag="001">00005251</controlfield>
  <controlfield tag="003">DO-SdBNP</controlfield>
  <controlfield tag="005">20180314130514.0</controlfield>
  <controlfield tag="007">00005251</controlfield>
  <controlfield tag="008">160512b  2011 dr a      xxu||||| |||| 00| 0 spa d</controlfield>
  <datafield tag="020" ind1=" " ind2=" ">
    <subfield code="a">9789945173635</subfield>
  </datafield>
  <datafield tag="040" ind1=" " ind2=" ">
    <subfield code="a">BPMSU</subfield>
    <subfield code="b">spa</subfield>
    <subfield code="c">BPMSU</subfield>
  </datafield>
  <datafield tag="092" ind1=" " ind2=" ">
    <subfield code="a">xxxx</subfield>
    <subfield code="b">xxxx</subfield>
  </datafield>
  <datafield tag="245" ind1="1" ind2="0">
    <subfield code="a">Geolog&#xED;a y medio ambiente : </subfield>
    <subfield code="b">educaci&#xF3;n media /</subfield>
    <subfield code="c">Horacio Arredondo...[et al] ; direcci&#xF3;n editorial Cristina Amiama Espaillat ; coordinaci&#xF3;n editorial  M&#xF3;nica Volonteri ; ilustraci&#xF3;n A. Blasco...[et al].</subfield>
  </datafield>
  <datafield tag="246" ind1="1" ind2=" ">
    <subfield code="a">Geolog&#xED;a y medio ambiente : </subfield>
    <subfield code="b">nivel medio </subfield>
  </datafield>
  <datafield tag="260" ind1=" " ind2=" ">
    <subfield code="a">Santo Domingo :</subfield>
    <subfield code="b">SM, </subfield>
    <subfield code="c">2011.</subfield>
  </datafield>
  <datafield tag="300" ind1=" " ind2=" ">
    <subfield code="a">296 p. :</subfield>
    <subfield code="b">il., retrs. ;</subfield>
    <subfield code="c">29 cm. </subfield>
  </datafield>
  <datafield tag="504" ind1=" " ind2=" ">
    <subfield code="a">Bibliograf&#xED;a : p. 272</subfield>
  </datafield>
  <datafield tag="505" ind1="0" ind2=" ">
    <subfield code="t">La tierra en el universo --</subfield>
    <subfield code="t">Diversidad de minerales y rocas --</subfield>
    <subfield code="t"> El relieve cambia de un lugar  a otro --</subfield>
    <subfield code="t">Continentes inquietos --</subfield>
    <subfield code="t">Tect&#xF3;nica de placas --</subfield>
    <subfield code="t">Volcanes y terremotos -- </subfield>
    <subfield code="t">Consecuencias del movimiento de placas --</subfield>
    <subfield code="t">La edad de la tierra --</subfield>
    <subfield code="t">El suelo --</subfield>
    <subfield code="t">Ecosistemas --</subfield>
    <subfield code="t">Tipos de ecosistemas --</subfield>
    <subfield code="t">Biodiversidad vegetal --</subfield>
    <subfield code="t">Biodiversidad animal --</subfield>
    <subfield code="t">Recursos naturales --</subfield>
    <subfield code="t">Anexos --</subfield>
    <subfield code="t">Mapas geol&#xF3;gico --</subfield>
    <subfield code="t">Diccionario cient&#xED;fico.</subfield>
  </datafield>
  <datafield tag="700" ind1="1" ind2=" ">
    <subfield code="a">Arredondo, Horacio </subfield>
  </datafield>
  <datafield tag="700" ind1="1" ind2="2">
    <subfield code="a">Amiama Espaillat, Cristina,</subfield>
    <subfield code="e">dir. ed. </subfield>
  </datafield>
  <datafield tag="700" ind1="1" ind2=" ">
    <subfield code="a">Volonteri, M&#xF3;nica</subfield>
  </datafield>
  <datafield tag="700" ind1="1" ind2="2">
    <subfield code="a">Blasco, A, </subfield>
    <subfield code="e">il. </subfield>
  </datafield>
  <datafield tag="942" ind1=" " ind2=" ">
    <subfield code="2">ddc</subfield>
    <subfield code="c">BK</subfield>
  </datafield>
  <datafield tag="945" ind1=" " ind2=" ">
    <subfield code="a">Remanejado para la BNPHU / 2018 BT</subfield>
  </datafield>
  <datafield tag="952" ind1=" " ind2=" ">
    <subfield code="0">0</subfield>
    <subfield code="1">0</subfield>
    <subfield code="2">ddc</subfield>
    <subfield code="4">0</subfield>
    <subfield code="7">0</subfield>
    <subfield code="a">BPMET</subfield>
    <subfield code="b">BPMET</subfield>
    <subfield code="d">2016-05-13</subfield>
    <subfield code="e">Donaci&#xF3;n</subfield>
    <subfield code="l">0</subfield>
    <subfield code="p">BPMSU16050332</subfield>
    <subfield code="r">2016-05-13</subfield>
    <subfield code="w">2016-05-13</subfield>
    <subfield code="y">BK</subfield>
  </datafield>
  <datafield tag="956" ind1=" " ind2=" ">
    <subfield code="2">LOPEREZ</subfield>
    <subfield code="3">10</subfield>
    <subfield code="6">20161305</subfield>
    <subfield code="8">BPMSU</subfield>
    <subfield code="a">00041</subfield>
  </datafield>
  <datafield tag="999" ind1=" " ind2=" ">
    <subfield code="c">10126</subfield>
    <subfield code="d">10126</subfield>
  </datafield>
</record>
